Lineamientos generales presentados por Honduras

Bewaard in:
Bibliografische gegevens
Hoofdauteur: Cañadas Mejía, Liliana Silvia
Formaat: Texto
Gepubliceerd in: San José: Universidad Nacional Autónoma de Honduras
Tags: Voeg label toe
Geen labels, Wees de eerste die dit record labelt!

MARC

LEADER 00000 a a2200000 04500
001 21238
003
040
090 |a 092700  
100 |a Cañadas Mejía, Liliana Silvia  
245 |a Lineamientos generales presentados por Honduras  
260 |a San José:   |b Universidad Nacional Autónoma de Honduras  
300 |a 29 p.  
999 |c 5979  |d 5979